| Tag |
First Indicator |
Second Indicator |
Subfields |
| LEADER |
00000cam a2200000Ii 4500 |
| 001 |
in00002017539 |
| 005 |
20151031152442.0 |
| 008 |
760224s1973 ru a 000 1 rusr |
| 010 |
|
|
|a 75407391
|
| 035 |
|
|
|a (OCoLC)ocm02010538
|
| 040 |
|
|
|a DLC
|c TJC
|d OCL
|d OCLCQ
|d TXA
|d UtOrBLW
|
| 043 |
|
|
|a e-ru---
|
| 049 |
|
|
|a TXAM
|
| 050 |
0 |
0 |
|a PG3476.M552
|b A95 1973
|
| 100 |
1 |
|
|a Miroshnichenko, Grigoriĭ.
|
| 245 |
1 |
0 |
|a Azov :
|b roman /
|c Grigoriĭ Miroshnichenko ; [vstupit. statʹi︠a︡ d-ra filol. nauk G. Moiseevoĭ ; il. A.E. Skorodumov].
|
| 264 |
|
1 |
|a Moskva :
|b Sov. Rossii︠a︡,
|c 1973.
|
| 300 |
|
|
|a 491 pages :
|b illustrations ;
|c 21 cm.
|
| 336 |
|
|
|a text
|b txt
|2 rdacontent
|
| 337 |
|
|
|a unmediated
|b n
|2 rdamedia
|
| 338 |
|
|
|a volume
|b nc
|2 rdacarrier
|
| 651 |
|
0 |
|a Azov (Russia)
|x History
|v Fiction.
|
| 948 |
|
|
|a cataloged
|b h
|c 2004/12/13
|d c
|e spoltoratski
|f 1:25:26 pm
|
| 994 |
|
|
|a E0
|b TXA
|
| 999 |
|
|
|a MARS
|
| 999 |
f |
f |
|s 0f439a33-50cf-3d87-b75e-6f1ebb8689c3
|i 8d8d7aea-102b-3b3c-8116-00fff4f3c1d8
|t 0
|
| 952 |
f |
f |
|p ric
|a Texas A&M University
|b Rellis Campus
|c Joint Library Facility
|d Remote Storage
|t 0
|e PG3476.M552 A95 1973
|h Library of Congress classification
|i unmediated -- volume
|m A14831593724
|
| 998 |
f |
f |
|a PG3476.M552 A95 1973
|t 0
|l Remote Storage
|